Les films de guerre - Statistiques

Statistiques générales
  • Ce quiz a été pris 758 fois
  • Le résultat moyen est 16 sur 30
Statistiques - réponses
Titre du film Mot % Correct
La 5 de Schindler liste
95%
Il faut sauver le soldat 4 Ryan
94%
Le jour le plus 4 long
92%
Full 5 Jacket metal
87%
10 now apocalypse
75%
A l' 5, rien de nouveau ouest
74%
Le 4 de la rivière Kwaï pont
71%
La 5 du faucon noir chute
70%
Du sang et des 6 larmes
70%
Frères de 4 sang
70%
Inglourious 8 Basterds
67%
Croix de 3 fer
67%
Un long dimanche de 11 fiançailles
64%
6 au bout de l'enfer voyage
64%
Les 5 salopards douze
55%
Mémoires de nos 5 pères
48%
La 5 rouge ligne
46%
Un pont trop 4 loin
46%
Les 6 de Navarone canons
45%
Les 8 de la gloire sentiers
42%
7 d'Iwo Jima lettres
39%
La grande 7 évasion
36%
L'armée des 6 ombres
34%
Quand les 6 attaquent aigles
31%
La 317e 7 section
19%
Requiem pour un 8 massacre
16%
Quand passent les 8 cigognes
13%
La grande 8 illusion
12%
La 7 des hommes perdus colline
9%
Suite 9 française
3%
Aucun quiz correspondant
Distribution des résultats
% des personnes avec chaque résultat
Percentile par nombre de réponses
Votre historique - résultats
Vous n’avez pas pris ce quiz